000 00637nam a2200205Ia 4500
003 GCL
008 140319s9999 xx 000 0 ara d
040 _aGCL /
_cGCL
082 0 4 _a212.2
_bم ك
100 1 _aمحمود مهدى
245 1 0 _aكلمات فى الدنيا والدين /
_cمحمود مهدى
250 _aالاولى
260 _aالقاهرة :
_bدار البيان العربى ،
_c1422
300 _a212 ص ؛
_c24 سم
650 0 4 _aالاسلام والمجتمع
650 0 4 _aالاداب الاسلامية
650 0 4 _aالبوسنة والهرسك
650 0 4 _aالصومال
942 _2ddc
_cBK
999 _c5856
_d5856